Heuristické metódy v operačnom výskume bakalárska práca

Gespeichert in:
Bibliographische Detailangaben
1. Verfasser: Gejdoš, Pavel
Körperschaft: Fakulta hospodárskej informatiky EU. Katedra operačného výskumu a ekonometrie
Weitere Verfasser: Krumplík, Miroslav
Format: Buch
Sprache:Slowakisch
Veröffentlicht: Bratislava 2011
Tags: Tag hinzufügen
Keine Tags, Fügen Sie das erste Tag hinzu!

MARC

LEADER 00000nbm a2200000 4500
001 0151931
005 20120525084346.8
041 0 |a slo 
044 |a SK 
245 1 0 |a Heuristické metódy v operačnom výskume  |b bakalárska práca  |c Pavel Gejdoš ; školiteľ: Miroslav Krumplík 
264 1 |a Bratislava  |c 2011 
300 |a 39 s. 
100 1 |a Gejdoš, Pavel 
700 1 |a Krumplík, Miroslav 
710 2 |a Fakulta hospodárskej informatiky EU. Katedra operačného výskumu a ekonometrie